000 00407nam a2200169Ia 4500
001 7172
003 IN-NITTTR
005 20251114233026.0
008 251113s9999||||xx |||||||||||||| ||eng||
040 _beng
040 _cIN-NITTTR
041 _aeng
082 _a624.151 M968S
100 _aMurthy, V. N. S.
245 0 _aSoil mechanics and foundation engineering. /
_cMurthy, V. N. S.
942 _2ddc
_cBK
999 _c9810
_d9810